000 00826cam a2200313K 4500
999 _c6706
_d6706
001 732297
003 OSt
005 20190119114851.0
008 961019s1972 mnu 000 0 eng d
029 1 _aAU@
_b000012751684
035 _a(OCoLC)ocm35763315
035 _a(OCoLC)35763315
035 _a732297
040 _aXII
_beng
_erda
_cXII
_dPTS
049 _aPTSS
082 _a241.1
_bS344M
090 _aBX2377
_b.S34 1972
100 1 _aSchlink, Basilea.
245 1 0 _aMirror of conscience.
250 _aFirst U.S. edition.
264 1 _aMinneapolis :
_bBethany Fellowship,
_c1972.
300 _a29 pages
336 _atext
_btxt
_2rdacontent
337 _aunmediated
_bn
_2rdamedia
338 _avolume
_bnc
_2rdacarrier
650 0 _aConscience, Examination of.
942 _2ddc
_cBK
945 _aMARCIVE20181205